000 00280nam a2200121Ia 4500
008 211105s9999 xx 000 0 und d
020 _aVYASA10383
100 _aBr Rajam Iyer
245 0 _aRambles In Vedanta
250 _a\N
260 _bMotilal banarsidass
_c\N
300 _a864p.
999 _c9591
_d9591